000 00879nmm a2200265 a 4500
001 ocm000702081
003 TR-IsHL
005 20201028133451.0
008 131121s2012 tu tur
007 cr cn
035 _a702081
_b(N$T)
050 0 4 _aPL230
_b.A45 2012
090 0 4 _aPL230
_b.A45 2012
245 1 0 _aAli'nin günlüğü
_h[electronic resource] /
_ceditör Tuba Öztürk ; resimleyen Emel Alp
260 _aİstanbul :
_bBirleşik Yayın Grubu,
_c2012
300 _a47 p.
650 4 _aDil ve Edebiyat
650 4 _aLanguage and Literature
650 0 _aÇocuk edebiyatı, Türkçe
650 0 _aChildren's literature, Turkish
650 7 _aLITERARY CRITICISM / Children's Literature
_2bisacsh
700 1 _aÖztürk, Tuba
700 1 _aAk, Emel
856 4 0 _uhttp://search.ebscohost.com/login.aspx?direct=true&scope=site&db=e011xww&AN=702081
999 _c5658
_d5658